Muž z Brna na Onom Světě. (Záznam č. 34249)
| 000 -Návěští | |
|---|---|
| Řídící pole kódované 24B | 01374nam a22002657i 4500 |
| 001 - Kontrolní číslo | |
| Řídící pole proměnné | 016890000096648 |
| 003 - Identifikátor kontrolního čísla | |
| Řídící pole proměnné | CZ PrSKC |
| 005 - Datum posledního zpracování | |
| Řídící pole 16B | 20260505095835.0 |
| 007 - Pole pevné délky pro fyzický popis | |
| Řídící pole kódované | ta |
| 008 - Údaje pevné délky | |
| Řídící pole kódované 40B | 260428s2026 xr g 000 f cze d |
| 020 ## - ISBN | |
| ISBN | 9788026760597 |
| Dostupnost | 399.00 Kč |
| 040 ## - Zdroj katalogizace-agentura | |
| Agentura původní katalogizace | BOG001 |
| Jazyk katalogizace | cze |
| Agentura upravující záznam | BOG001 |
| Použitá pravidla popisu | rda |
| 100 1# - Hlavní záhlaví - osobní jméno autora | |
| Osobní jméno | Klabouchová, Petra, |
| Datumy související se jménem | 1980- |
| Kód role | aut |
| 245 10 - Údaje o názvu | |
| Název | Muž z Brna na Onom Světě. |
| Číslo části/sekce díla | 2 / |
| Údaj o odpovědností, atd. | Petra Klabouchová |
| 246 13 - Variantní vázvy | |
| Hlavní název/zkrácený název | Muž z Brna |
| 250 ## - Údaje o vydání | |
| Označení vydání | 1. vydání |
| 264 #1 - Nakladatelské údaje | |
| Místo vydání | V Praze : |
| Nakladatel | Motto, |
| Rok vydání | 2026 |
| 300 ## - Fyzický popis | |
| Rozsah | 278 stran ; |
| Rozměry | 21 cm |
| 500 ## - Všeobecná poznámka | |
| Text obecné poznámky | Obálkový podnázev: Kdo stojí za vraždou Pražáka na Šumavě? |
| 520 2# - Anotace | |
| Anotace, atd. | Josef Ječmínek přežil Brno, tak už by ho nemělo nic překvapit. Z bezpečnostních důvodů je však odklizen na Šumavu, kde v utajení zastává funkci mluvčího chráněné krajinné oblasti Onen Svět. Parta místních podivínů mu to ale moc neusnadňuje. Tím spíš, když v osadě dojde k vraždě seniora z Prahy a Josef se stane hlavním podezřelým a hvězdou televizní reality show Česko hledá vraha. Navíc mu jde po krku Američan pátrající po dávném šumavském tajemství, které může ovlivnit pohled na moderní dějiny lidstva. |
| 653 0# - Rejstříkový termín - volně tvořený | |
| Volně tvořený termín | detektivní romány |
| -- | humoristické romány |
| -- | česká próza |
| 710 2# - Vedlejší záhlaví - jméno korporativního autora | |
| Jméno korporace nebo jurisdikce | Motto (nakladatelství) |
| Kód role | pbl |
| 9 (RLIN) | 20472 |
| 910 ## - Údaje o vlastníkovi jednotky (exempláře) | |
| Sigla vlastníka jednotky | ABG508 |
| Stav ztráty | Zdroj klasifikace pro skladování | Stav poškození |
|---|---|---|
| Universal Decimal Classification |